Pedagógusképzés és hátránykompenzálás

Elmentve itt :
Bibliográfiai részletek
Szerzők: Fejes József Balázs
Szűcs Norbert
Dokumentumtípus: Könyv része
Megjelent: Belvedere Meridionale Szeged 2013
Sorozat:A szegedi és hódmezővásárhelyi deszegregációt támogató Hallgatói Mentorprogram: öt év tapasztalatai.
mtmt:2488209
Online Access:http://publicatio.bibl.u-szeged.hu/8884
LEADER 00934naa a2200217 i 4500
001 publ8884
005 20190608152538.0
008 170424s2013 hu o 0|| magyar d
020 |a 987-963-9573-97-0 
024 7 |a 2488209  |2 mtmt 
040 |a SZTE Publicatio Repozitórium  |b hun 
041 |a magyar 
100 1 |a Fejes József Balázs 
245 1 0 |a Pedagógusképzés és hátránykompenzálás  |h [elektronikus dokumentum] /  |c  Fejes József Balázs 
260 |a Belvedere Meridionale  |b Szeged  |c 2013 
300 |a 223 
300 |a 171-188 
490 0 |a A szegedi és hódmezővásárhelyi deszegregációt támogató Hallgatói Mentorprogram: öt év tapasztalatai. 
700 0 1 |a Szűcs Norbert  |e aut 
856 4 0 |u http://publicatio.bibl.u-szeged.hu/8884/1/Fejes_Szucs_2013_Pedkepzes_hatranykomp_u.pdf  |z Dokumentum-elérés  
856 4 0 |u http://publicatio.bibl.u-szeged.hu/8884/7/Fejes_Szucs_Hallgatoi_Mentorprogram_u_01.pdf  |z Dokumentum-elérés